A laboratory manual of semi-micro inorganic qualitative analysis (Record no. 80562)
[ view plain ]
| 000 -LEADER | |
|---|---|
| fixed length control field | 01069nam a2200205 a 4500 |
| 008 - FIXED-LENGTH DATA ELEMENTS--GENERAL INFORMATION | |
| fixed length control field | 120416s1957 ||||||||||||||||| || u |
| 050 ## - LIBRARY OF CONGRESS CALL NUMBER | |
| Classification number | QD 98.M5 Tho |
| 100 ## - MAIN ENTRY--PERSONAL NAME | |
| Personal name | Thompson, E. T |
| 245 12 - TITLE STATEMENT | |
| Title | A laboratory manual of semi-micro inorganic qualitative analysis |
| 260 ## - PUBLICATION, DISTRIBUTION, ETC. | |
| Place of publication, distribution, etc. | London |
| Name of publisher, distributor, etc. | Edward Arnold |
| Date of publication, distribution, etc. | 1957 |
| 300 ## - PHYSICAL DESCRIPTION | |
| Extent | 48p. |
| 350 ## - | |
| -- | 0.00 |
| 650 #0 - SUBJECT ADDED ENTRY--TOPICAL TERM | |
| Topical term or geographic name entry element | CHEMISTRY--HANDBOOKS, MANUALS, ETC |
| 650 #0 - SUBJECT ADDED ENTRY--TOPICAL TERM | |
| Topical term or geographic name entry element | CHEMISTRY, ORGANIC--LABORATORY MANUALS |
| 650 #0 - SUBJECT ADDED ENTRY--TOPICAL TERM | |
| Topical term or geographic name entry element | CHEMISTRY, ANALYTIC--LABORATORY MANUALS |
| 650 ## - SUBJECT ADDED ENTRY--TOPICAL TERM | |
| Topical term or geographic name entry element | CHEMISTRY, ANALYTIC--QUANTITATIVE |
| 995 ## - | |
| -- | MAIN LIBRARY OPEN ACCESS |
| -- | 0.00 |
| -- | 714492 |
| -- | CBU-MAIN LIBRARY (Kitwe) |
| -- | 1 |
| -- | 1.00 |
| -- | QD 98.M5 Tho |
| -- | 1 |
| -- | WEEDED |
| -- | Jul 26, 2017 |
| -- | 012242 |
| -- | Main Library Open Access Collection |
| 995 ## - | |
| -- | MAIN LIBRARY OPEN ACCESS |
| -- | 0.00 |
| -- | 714490 |
| -- | CBU-MAIN LIBRARY (Kitwe) |
| -- | 2 |
| -- | 1.00 |
| -- | QD 98.M5 Tho |
| -- | 2 |
| -- | WEEDED |
| -- | Jul 26, 2017 |
| -- | 012244 |
| -- | Main Library Open Access Collection |
| 995 ## - | |
| -- | MAIN LIBRARY OPEN ACCESS |
| -- | 0.00 |
| -- | 714491 |
| -- | CBU-MAIN LIBRARY (Kitwe) |
| -- | 3 |
| -- | 1.00 |
| -- | QD 98.M5 Tho |
| -- | 3 |
| -- | WEEDED |
| -- | Jul 26, 2017 |
| -- | 012243 |
| -- | Main Library Open Access Collection |
| 999 ## - | |
| -- | 80562 |
| -- | 80562 |
| Withdrawn status | Lost status | Source of classification or shelving scheme | Damaged status | Not for loan | Permanent Location | Current Location | Shelving location | Date acquired | Total Checkouts | Full call number | Barcode | Date last seen | Copy number | Price effective from | Koha item type |
|---|---|---|---|---|---|---|---|---|---|---|---|---|---|---|---|
| CBU-MAIN LIBRARY, KITWE. | CBU-MAIN LIBRARY, KITWE. | 06/30/2023 | QD 98.M5 Tho | 012242 | 06/30/2023 | 1 | 06/30/2023 | MONOGRAPH | |||||||
| CBU-MAIN LIBRARY, KITWE. | CBU-MAIN LIBRARY, KITWE. | 06/30/2023 | QD 98.M5 Tho | 012244 | 06/30/2023 | 2 | 06/30/2023 | MONOGRAPH | |||||||
| CBU-MAIN LIBRARY, KITWE. | CBU-MAIN LIBRARY, KITWE. | 06/30/2023 | QD 98.M5 Tho | 012243 | 06/30/2023 | 3 | 06/30/2023 | MONOGRAPH |